10 plus grands pays européens - Statistiques

Statistiques générales
  • Ce quiz a été pris 159 677 fois
  • Le résultat moyen est 9 sur 10
Statistiques - réponses
km2 Pays % Correct
551 500 France
99%
357 168 Allemagne
98%
505 992 Espagne
97%
3 960 000 Russie
97%
301 336 Italie
90%
312 685 Pologne
89%
450 295 Suède
87%
603 500 Ukraine
87%
323 802 Norvège
85%
338 145 Finlande
82%
Aucun quiz correspondant
Distribution des résultats
% des personnes avec chaque résultat
Percentile par nombre de réponses
Votre historique - résultats
Vous n’avez pas pris ce quiz